| 000 | 00559nam a2200181Ia 4500 | ||
|---|---|---|---|
| 008 | 090123s9999 xx 000 0 und d | ||
| 082 |
_b23796 _a923.254/आठव |
||
| 100 | _aआठवले सदाशिव | ||
| 245 | _aकेमाल पाशा | ||
| 250 | _a0 | ||
| 260 |
_bविद्या प्रकाशन _c1994 |
||
| 300 | _a270 | ||
| 600 | _aआठवले सदाशिव | ||
| 630 | _aकेमाल पाशा | ||
| 700 | _aआठवले सदाशिव | ||
| 730 | _aकेमाल पाशा | ||
| 942 | _cBOOK | ||
| 999 |
_c61867 _d61867 |
||